000 00204 a2200097 4500
001 30312
100 _aPremchand
245 _aShort stories
260 _aBombay
_bNalanda Pubns
_c
090 _c20259
_d20259
942 _aNUST-CAE
_cM
_c11402
999 _c265385
_d265385